Responses for Show #1306 - Monday, April 16, 1990

Missing player introductions.

Contestants

[<< previous game]

Steve Mueller, an agency manager from Milwaukee, Wisconsin

Tom Bowman, an attorney from Kansas City KCTV audition

Jeff Liebowitz, an attorney and writer from Marina del Rey, California (whose 2-day cash winnings total $16,400)

[next game >>]

Jeopardy! Round responses

CIRCUS MOVIES
POTPOURRI
HISTORIC NAMES
CAPITAL CITIES
FAMOUS JONESES
LIGHTS
    $100 2
fly

Tom
    $100 3
Hershey

Steve
    $100 15
a pope

Jeff
    $100 18
Bonn

Jeff
    $100 25
John Paul Jones

Steve
    $100 26
a sparkler

Tom
    $200 4
The Greatest Show on Earth

Jeff
    $200 6
a raccoon

Tom
    $200 1
Tubman

Steve
    $200 16
Oslo

Tom
    $200 21
Jim Jones

Tom
    $200 27
a blinker

Triple Stumper
    $300 5
W.C. Fields

Tom
    $300 7
(Alex: Red, orange and yellow, correct.)

Roy

Jeff
    $300 8
Madame Tussaud

Tom
    $600 17
(Alex: [*], Paraguay is right.)

Asunción

Tom
    $300 22
Bobby Jones

Jeff
    $300 28
(Alex: Sorry, Jeff, you didn't ring in quite fast enough.)

the temple in Jerusalem

Triple Stumper
    $400 11
Jumbo

Steve
    $400 13
(Steve: Who is Blackbeard?)
(Tom: Who is Long John Silver?)

Captain Kidd

TomSteve
Triple Stumper
    $400 9
Albert Schweitzer

Jeff
    $400 19
(Alex: [*], Czechoslovakia, correct.)

Prague

Jeff
    $400 23
Inigo Jones

Triple Stumper
    $400 29
a match

Triple Stumper
    $500 12
Burt Lancaster

Tom
    $500 14
a cloister

Triple Stumper
    $500 10
Alexander Hamilton

Jeff
    $500 20
Ulan Bator

Jeff
    $500 24
Dean Jones

Tom
    $500 30
a quartz halogen lamp

Tom

Scores at the first commercial break (after clue 15):

Jeff Tom Steve
$1,500 $1,000 $300

Scores at the end of the Jeopardy! Round:

Jeff Tom Steve
$2,800 $3,100 $400

Double Jeopardy! Round responses

FIRST LADIES
WORLD WAR II
MODERN NOVELS
MEXICO
THE BODY HUMAN
FAMILIAR PHRASES
    $200 4
Abigail Adams

Jeff
    $200 21
General MacArthur

Jeff
    $200 1
1984

Tom
    $200 28
(Steve: What's a pyramid?)

a language

Steve
Triple Stumper
    $200 2
blood

Tom
    $200 17
the 8 ball

Steve
    $400 5
Nancy Reagan

Steve
    $400 22
Göring

Jeff
    $400 6
(James) Clavell

Tom
    $400 24
the Baja California

Steve
    $400 3
the cerebrum

Jeff
    $400 16
jump the gun

Tom
    $600 13
Betty Ford

Steve
    $600 23
Canada

Steve
    $600 10
Louis L'Amour

Steve
    $1,000 25
(Benito) Juarez

Steve
    $600 7
the lymph system

Tom
    $600 18
(Tom: What is an elephant?)
(Alex: Be more specific.)
(Tom: [No response])

a white elephant

TomSteve
    $800 14
Martha Washington

Steve
    $800 29
the Lend-Lease Act

Jeff
    $800 11
Joyce Carol Oates

Triple Stumper
    $800 26
haciendas

Steve
    $800 8
arteries

Tom
    $800 19
to fly off the handle

Tom
    $3,400 15
(Alex: Claudia Alta Taylor was the maiden name.)

Lady Bird Johnson

Steve
    $1000 30
Greece

Jeff
    $1000 12
Mary Stewart

Steve
    $1000 27
the United States of Mexico

Steve
    $1000 9
a magnetic field

Tom
    $1000 20
(Jeff: What is Bull Moose?)

the lunatic fringe

Jeff
Triple Stumper

Scores at the end of the Double Jeopardy! Round:

Jeff Tom Steve
$4,800 $6,900 $11,600

[wagering suggestions for these scores]

Final Jeopardy! Round responses

BASEBALL
JeffWho is Casey Stengel
$4,790
TomWho is Casey Stengel?
$6,899
SteveWho is Casey Stengel?
$3,400
Casey Stengel

Final scores:

Jeff Tom Steve
$9,590 $13,799 $15,000
3rd place: Gibson Epiphone guitar & NES with Family & Junior editions of Jeopardy! & Wheel of Fortune 2nd place: Software City 286 computer & Kraco portable auto alarm New champion: $15,000

Game dynamics:

Coryat scores:

Jeff Tom Steve
$4,800 $6,600 $8,800
15 R,
1 W
19 R
(including 1 DD),
2 W
17 R
(including 2 DDs),
2 W

Combined Coryat: $20,200

[game clues] [game scores] [suggest correction]

Game tape date: 1989-12-03
The J! Archive is created by fans, for fans. Scraping, republication, monetization, and malicious use prohibited; this site may use cookies and collect identifying information. See terms. The Jeopardy! game show and all elements thereof, including but not limited to copyright and trademark thereto, are the property of Jeopardy Productions, Inc. and are protected under law. This website is not affiliated with, sponsored by, or operated by Jeopardy Productions, Inc. Join the discussion at JBoard.tv.